Majetok obce a zásady hospodárenia s ním

Bibliographic Details
Main Author: Konečná Veverková, Ingrid (Author)
Format: Article
Language:Slovak

MARC

LEADER 00000nab a2200000ua 4500
001 vtls010856954
003 SK-MaSNL
005 20260303141354.0
008 230222s2009 xo |||||||||||||||||slo|
035 |a (urnnbn)urn:nbn:sk:snk:ar-a07l5c 
035 |a urn:nbn:sk:snk-ab6fxd 
035 |a (uuid)5ecfa66a-f806-4897-85de-1727c1281dff 
040 |a SNKBUCL  |b slo  |c SNKBUCL  |e AACR2 
041 0 |a slo 
044 |a xo  |c SK 
100 1 |a Konečná Veverková, Ingrid  |4 aut  |9 159633 
245 1 0 |a Majetok obce a zásady hospodárenia s ním  |c Ingrid Veverková 
773 0 |t Právo pre ROPO a obce v praxi : mesačník plný odborných informácií pre rozpočtové, príspevkové organizácie a obce  |g Roč. 2, č. 1 (2009), s. 3-6 
954 |a odborná, vedecká literatúra pôvodná (slovenská)  |2 lita 
958 |a OND 
958 |a EUIPO 
958 |a article5 
999 |c 1975821  |d 1977751